El judío de Shanghai / (Record no. 190585)

MARC details
000 -LEADER
campo de control de longitud fija 00806cam a2200241 i 4500
001 - NÚMERO DE CONTROL
campo de control 190585
003 - IDENTIFICADOR DE NÚMERO DE CONTROL
campo de control ES-MaACL
005 - FECHA Y HORA DE LA ÚLTIMA TRANSACCIÓN
campo de control 20251004063232.0
008 - DATOS DE LONGITUD FIJA--INFORMACIÓN GENERAL
campo de control de longitud fija 220105s2008 sp 000 f spa
020 ## - NÚMERO INTERNACIONAL ESTÁNDAR DEL LIBRO
Número Internacional Estándar del Libro 978-84-08-08151-7
080 ## - NÚMERO DE LA CLASIFICACIÓN DECIMAL UNIVERSAL
Número de la Clasificación Decimal Universal 821.134.2-31"19"
100 1# - ENTRADA PRINCIPAL--NOMBRE DE PERSONA
Nombre de persona Calderón, Emilio,
Fechas asociadas al nombre 1960-
9 (RLIN) 160894
245 13 - MENCIÓN DEL TÍTULO
Título El judío de Shanghai /
Mención de responsabilidad, etc. Emilio Calderón.
250 ## - MENCION DE EDICION
Mención de edición 1ª ed.
260 ## - PUBLICACIÓN, DISTRIBUCIÓN, ETC.
Lugar de publicación, distribución, etc. Barcelona :
Nombre del editor, distribuidor, etc. Planeta,
Fecha de publicación, distribución, etc. 2008.
300 ## - DESCRIPCIÓN FÍSICA
Extensión 330 p. ;
Dimensiones 24 cm.
586 ## - NOTA DE PREMIOS
Nota de premios Premio de Novela Fernando Lara, 2008
852 4# - LOCALIZACIÓN
Ubicación ES-MaACL
Número de control de estantería A-14844
itemnumber 197763
Sublocalización o colección R.152310
Ubicación en estantería Depósito 1
Signatura antigua Olim: N-7844
Donativo/Legado Donación: José Lázaro
Encuadernación Encuadernación en cartone.
903 ## - NOMBRE PERSONAL DE DONANTE
9 234219
a Lázaro García, José
e Donante
942 ## - ELEMENTOS DE ENTRADA SECUNDARIOS (KOHA)
Fuente del sistema de clasificación o colocación Clasificación decimal universal
Tipo de ítem Koha Libro impreso
Holdings
Estatus retirado Estado de pérdida Fuente del sistema de clasificación o colocación Estado de daño No para préstamo Biblioteca de origen Biblioteca actual Ubicación en estantería Fecha de adquisición Fuente de adquisición Total de préstamos Signatura topográfica completa Código de barras Visto por última vez Precio de reemplazo Tipo de ítem Koha
    Clasificación decimal universal     Biblioteca del Ateneo de Madrid Biblioteca del Ateneo de Madrid Depósito 1 05/01/2022 Donación   A-14844 1202798 23/02/2023 23/02/2023 Libro impreso